|
|
|
|
| LEADER |
00000nas a2200000 i 4500 |
| 001 |
ssj0000997869 |
| 003 |
WaSeSS |
| 005 |
20200512172242.0 |
| 006 |
m d |
| 007 |
cr n |
| 008 |
130219c20119999ku mr p s 0 0eng c |
| 010 |
|
|
|a 2013238788
|
| 035 |
|
|
|a (WaSeSS)ssj0000997869
|
| 040 |
|
|
|a ERD
|b eng
|c ERD
|d CS1
|d OCLCO
|d OCLCA
|d IUL
|d OCLCO
|d OCLCQ
|d OCLCO
|d OCLCF
|d OCLCO
|d OCLCA
|d U3W
|d WaSeSS
|
| 042 |
|
|
|a pcc
|
| 043 |
|
|
|a a-ku---
|
| 050 |
|
4 |
|a HF3769.A2
|b K89
|
| 245 |
0 |
0 |
|a Kuwait chapter of Arabian journal of business & management review
|h [electronic resource].
|
| 246 |
1 |
|
|a Kuwait chapter of the Arabian journal of business and management review
|
| 246 |
1 |
|
|a Arabian journal of business and management review.
|p Kuwait chapter
|
| 246 |
1 |
|
|a AJBMAR.
|p Kuwait chapter
|
| 260 |
|
|
|a Kuwait :
|b American University of Kuwait
|
| 310 |
|
|
|a Monthly
|
| 362 |
1 |
|
|a Began with vol. 1, No. 1 (2011).
|
| 506 |
|
|
|a License restrictions may limit access.
|
| 588 |
|
|
|a Description based on: Vol. 1, No. 1 (September, 2011); title from journal home page (viewed October 15, 2013).
|
| 588 |
|
|
|a Latest issue consulted: Vol. 3, No. 2 (October, 2013) (publisher's Web site, viewed October 15, 2013).
|
| 650 |
|
0 |
|a Management
|z Kuwait
|v Periodicals.
|
| 650 |
|
0 |
|a Business
|v Periodicals.
|
| 650 |
|
7 |
|a Business.
|2 fast
|0 (OCoLC)fst00842262
|
| 650 |
|
7 |
|a Commerce.
|2 fast
|0 (OCoLC)fst00869279
|
| 650 |
|
7 |
|a Management.
|2 fast
|0 (OCoLC)fst01007141
|
| 651 |
|
0 |
|a Kuwait
|x Commerce
|v Periodicals.
|
| 651 |
|
7 |
|a Kuwait.
|2 fast
|0 (OCoLC)fst01208566
|
| 655 |
|
0 |
|a Electronic journals.
|
| 710 |
2 |
|
|a American University of Kuwait.
|
| 856 |
4 |
0 |
|z Full text available from Research Library: 03/01/2012 to present
|u https://search.proquest.com/publication/1606372
|